Construcciones antisísmicas y resistentes al viento: criterio para su cálculo y diseño
Guardado en:
| Hovedforfatter: | |
|---|---|
| Format: | Bog |
| Sprog: | Spanish |
| Udgivet: |
LIMUSA ; NORIEGA EDITORES :
1993
|
| Udgivelse: | 3 |
| Fag: | |
| Tags: |
Tilføj Tag
Ingen Tags, Vær først til at tagge denne postø!
|
MARC
| LEADER | 00000nam a2200000Ia 4500 | ||
|---|---|---|---|
| 003 | 001920 | ||
| 005 | 20221231143948.0 | ||
| 008 | 140114s1993 mx a 000 ||spa d | ||
| 020 | |a 9681844785 | ||
| 040 | |c cru CEDI | ||
| 082 | |a 693.852 C914c | ||
| 100 | |a Creixell M, José, 1908- |9 20962 | ||
| 245 | |a Construcciones antisísmicas y resistentes al viento: criterio para su cálculo y diseño | ||
| 250 | |a 3 | ||
| 260 | |a LIMUSA ; NORIEGA EDITORES : |c 1993 | ||
| 300 | |a 108 páginas ; ilustraciones ; 29 CM. | ||
| 650 | |x CONSTRUCCIONES ANTISISMICAS |x DISEÑO EN INGENIERIA |9 20963 | ||
| 942 | |2 ddc |c BK | ||
| 999 | |c 14846 |d 14846 | ||



